书目信息 |
| 题名: |
用看板管理敏捷项目
|
|
| 作者: | 布伦内尔 著 ;许峰 , 肖蓬 , 周琴 译 | |
| 分册: | ||
| 出版信息: | 北京 电子工业出版社 2020.01 |
|
| 页数: | XVIII, 196页 | |
| 开本: | 24cm | |
| 丛书名: | ||
| 单 册: | ||
| 中图分类: | F224.5 | |
| 科图分类: | ||
| 主题词: | 项目管理--xiang mu guan li | |
| 电子资源: | ||
| ISBN: | 978-7-121-37017-5 | |
| 000 | 01536nam0 2200289 450 | |
| 001 | 2059590589 | |
| 005 | 20201106163322.17 | |
| 010 | @a978-7-121-37017-5@dCNY58.00 | |
| 100 | @a20200601d2020 em y0chiy50 ea | |
| 101 | 1 | @achi@ceng |
| 102 | @aCN@b110000 | |
| 105 | @aak z 000yy | |
| 200 | 1 | @a用看板管理敏捷项目@Ayong kan ban guan li min jie xiang mu@e提升效率、可预测性、质量和价值的利器@f(美) 埃里克·布伦内尔著@d= A gile project management with Kanban@fEric Brechner@g许峰, 肖蓬, 周琴译@zeng |
| 210 | @a北京@c电子工业出版社@d2020.01 | |
| 215 | @aXVIII, 196页@c图@d24cm | |
| 314 | @a埃里克·布伦内尔, 微软Xbox工程服务团队的开发经理。 | |
| 330 | @a本书通过看板, 项目人员可以随时掌握进度、发现问题并解决问题。本书作者率先在微软Xbox工程服务团队中使用看板, 在此后的各类项目开发中, 经历了无数次尝试与失败, 从中不断总结经验与教训, 写成了本书。在本书中作者介绍了看板的使用方法、详细步骤及要点, 展示了如何让团队发挥看板的作用、协同合作, 从而高效、简单、可预测地管理项目, 提供了各种图表、工作表单、常见问题解答和故障排除方法等, 是一本非常实用的工具书。 | |
| 500 | 10 | @aGile project management with Kanban@mChinese |
| 517 | 1 | @a提升效率、可预测性、质量和价值的利器@Ati sheng xiao shuai 、 ke yu ce xing 、 zhi liang he jia zhi de li qi |
| 606 | 0 | @a项目管理@Axiang mu guan li |
| 690 | @aF224.5@v5 | |
| 701 | 1 | @a布伦内尔@Abu lun nei er@g(Brechner, Eric)@4著 |
| 702 | 0 | @a许峰@Axu feng@4译 |
| 702 | 0 | @a肖蓬@Axiao peng@4译 |
| 702 | 0 | @a周琴@Azhou qin@4译 |
| 801 | 0 | @aCN@b人天书店@c20201001 |
| 905 | @aZUCC@dF224.5@eB982 | |
| 用看板管理敏捷项目:提升效率、可预测性、质量和价值的利器/(美) 埃里克·布伦内尔著= A gile project management with Kanban/Eric Brechner/许峰, 肖蓬, 周琴译.-北京:电子工业出版社,2020.01 |
| XVIII, 196页:图;24cm |
| ISBN 978-7-121-37017-5:CNY58.00 |
| 本书通过看板, 项目人员可以随时掌握进度、发现问题并解决问题。本书作者率先在微软Xbox工程服务团队中使用看板, 在此后的各类项目开发中, 经历了无数次尝试与失败, 从中不断总结经验与教训, 写成了本书。在本书中作者介绍了看板的使用方法、详细步骤及要点, 展示了如何让团队发挥看板的作用、协同合作, 从而高效、简单、可预测地管理项目, 提供了各种图表、工作表单、常见问题解答和故障排除方法等, 是一本非常实用的工具书。 |
| ● |
| 相关链接 |
|
|
|
正题名:用看板管理敏捷项目
索取号:F224.5/B982
 
预约/预借
| 序号 | 登录号 | 条形码 | 馆藏地/架位号 | 状态 | 备注 |
| 1 | 1483199 | 214831994 | 社科库409/409社科库 73排2列3层/ [索取号:F224.5/B982] | 在馆 | |
| 2 | 1483200 | 214832001 | 社科库409/409社科库 73排2列3层/ [索取号:F224.5/B982] | 在馆 |